=LDR 00000nam 2200000 4500 =001 000753 =005 20250712013817 =035 ##$$a 0010-0725000621 =007 ta =008 250712################a##########0#ind## =020 ##$$a 978-623-472-489-9 =082 ##$$a 398.209 598 =084 ##$$a 398.209 598 SAM a =100 #$$a Samarakoon, Chandana Bandara =245 1#$$a Anjing Kecil Mendengar Sebuah Suara /$c Chandana Bandara Samarakoon =250 ##$$a Cetakan Pertama =260 ##$$a Jakarta :$b Badan Pengembangan dan Pembinaan Bahasa,$c 2024 =300 ##$$a 11 hlm. : $b ilus. ; $c 22,9 cm =650 #4$$a Cerita Anak Indonesia-Terjemahan =650 #4$$a Literasi-Bahan Bacaan =856 ##$$a TBM as Suhada =990 ##$$a TBM202400707